Federal Aviation Administration airspace redesign and congestion management (Record no. 68859)
[ view plain ]
| 000 -LEADER | |
|---|---|
| fixed length control field | 01539nam a2200361Ia 4500 |
| 082 04 - DEWEY DECIMAL CLASSIFICATION NUMBER | |
| Classification number | 387.7/404260973 |
| 245 00 - TITLE STATEMENT | |
| Title | Federal Aviation Administration airspace redesign and congestion management |
| 260 ## - PUBLICATION, DISTRIBUTION, ETC. (IMPRINT) | |
| Place of publication | New York : |
| Name of publisher | Nova Science Publishers, |
| Year of publication | c2009. |
| 300 ## - PHYSICAL DESCRIPTION | |
| Number of Pages | viii, 170 p. : |
| Other physical details | ill. (some col.), map. |
| 650 #0 - SUBJECT ADDED ENTRY--TOPICAL TERM | |
| Topical Term | Air traffic control |
| Topical Term | Air traffic control |
| Topical Term | Air traffic capacity |
| Topical Term | Airport capacity |
| 700 1# - ADDED ENTRY--PERSONAL NAME | |
| Personal name | Rothman, Sidney R. |
| 856 40 - ELECTRONIC LOCATION AND ACCESS | |
| Uniform Resource Identifier | http://site.ebrary.com/lib/rucke/Doc?id=10662931 |
No items available.
